01462nam a2200277Ia 450000500170000000800410001708200200005811000370007824500900011525000190020530000440022465000300026865000330029894200120033126400360034333600270037933700330040633800280043904000350046799900150050295201310051795201340064895201340078295201340091695201340105020220317001231.0160825s2003 ck a g 000 0 spa 04a394.5861bF85cn2 aFundación BAT. Colombia96795610aCarnaval de Negros y Blancos, Pasto (4-6 de enero de 2003)cFundación BAT. Colombia a1a. edición  a[10] páginas bilustraciones c21 cm 142LEMBaFolclor colombiano 142LEMBaFestivales zColombia  2ddccBK aBogotábFundación BATc2003 atextobtxt2rdacontent asin mediaciónbn2rdamedia avolumenbnc2rdacarrier aCO-BoRNBPbspaerdacCO-BoRNBP c6334d6334 00102ddc40708GENaMEDORADObMEDORADOcGENd2023-04-10o394.5861 F85cnpDOR02854r2023-04-10 00:00:00tEj.1w2023-04-10yBK 00102ddc40708GENaMESMARTIbMESMARTIcGENd2023-07-26l0o394.5861 F85cnpSM001366r2023-07-26 20:43:23tEj.1w2023-07-26yBK 00102ddc40708GENaMEBAUPIAbMEBAUPIAcGENd2024-08-02l0o394.5861 F85cnpBUP01506r2024-08-02 10:40:35tEj.1w2024-08-02yBK 00102ddc40708GENaMEPLOPEZbMEPLOPEZcGENd2025-05-30l0o394.5861 F85cnpPLZ02144r2025-05-30 16:59:59tEj.1w2025-05-30yBK 00102ddc40708GENaMEACACIAbMEACACIAcGENd2025-09-10l0o394.5861 F85cnpACA02843r2025-09-10 16:15:51tEj.1w2025-09-10yBK